Sudden Death: Misspellings #9 - Statistics

General Stats
  • This quiz has been taken 61 times
  • The average score is 8 of 16
Answers on the Grid
Answers color-coded by a green-red scale on the quiz's grid according to % correct below.
abscess
acrage
ambiguity
aquaduct
aquaint
arrainment
asfixiated
asterix
athlete
benighted
bigoted
cappuccino
ceiling
chauffeur
competent
cursor
disasterous
extraordinary
intravert
forseeable
gaurdian
hampster
imaginery
incidentally
particularly
perjorative
refridgerate
supoena
underated
usage
veterinary
vulnerable
 
Answer Stats
Answer % Correct
guardian gaurdian
77%
hamster hampster
64%
underrated underated
64%
imaginary imaginery
61%
refrigerate refridgerate
59%
introvert intravert
55%
acreage acrage
52%
arraignment arrainment
48%
acquaint aquaint
45%
asphyxiated asfixiated
43%
asterisk asterix
43%
disastrous disasterous
39%
aqueduct aquaduct
32%
pejorative perjorative
32%
subpoena supoena
32%
foreseeable forseeable
16%
No matching quizzes found
Score Distribution
Percent of People with Each Score
Percentile by Number Answered
Your Score History
You have not taken this quiz